Teorie řízení socialistické výroby

Guardado en:
Detalles Bibliográficos
Autor principal: Kozlovová, O.V
Formato: Libro
Lenguaje:checo
Publicado: Praha Státní pedagogické nakladatelství 1984
Colección:Učebnice pro vysoké školy
Etiquetas: Agregar Etiqueta
Sin Etiquetas, Sea el primero en etiquetar este registro!

MARC

LEADER 00000nam a2200000 4500
001 c111071
005 20260317073035.3
041 0 |a cze 
044 |a CZ 
245 1 0 |a Teorie řízení socialistické výroby  |c O.V. Kozlovová a kol. ; [z rus. orig. přel. Zdeněk Mošna] 
264 1 |a Praha  |b Státní pedagogické nakladatelství  |c 1984 
300 |a 271 s. 
490 1 |a Učebnice pro vysoké školy 
830 0 |a Učebnice pro vysoké školy 
100 1 |a Kozlovová, O.V.